00815cam a2200241 a 450000100090000000300040000900500170001300800410003001000170007102000150008804000130010304200100011604300120012608200150013824500960015326000820024930000220033150400410035365000350039465000350042965000430046471000660050714476985OSt20230620105414.0060802s2006 ke b 000 0 eng  a 2006305765 a9966958878 aDLCcDLC alcode af-ke--- a320.9bKSI00aFreedom of information survey :ban audit of laws hindering access to information in Kenya. aNairobi :bKenyan Section of the International Commission of Jurists,cc2006. av, 92 p. ;c21cm. aIncludes bibliographical references. 0aFreedom of informationzKenya. 0aGovernment informationzKenya. 0aPublic recordsxAccess controlzKenya.2 aInternational Commission of Jurists (1952- ).bKenya Section.